000 01235nam a2200265 a 4500
999 _c491134
_d491134
003 BLK
005 20250515104317.0
008 221219b bu |||||r|||| ||| | bu d
020 _a9789542729457
040 _aBLK
041 _aBUL
_cBUL
080 _aАмериканска литература (на САЩ)
_b821.111(73)
_x-31
_z821.111(73)-31
100 _9481106
_aХуанг, Ана
_eпърви автор
139 _aХуанг, Ана
245 _aПорочна омраза
_cАна Хуанг ; прев. от англ. Александра Банкова
260 _9401640
_aСофия
_bУо
_c2023
_f(Костинброд : Мултипринт)
_dтърг. марка на Егмонт България
300 _a511 с.
_c20 см
380 _aX
500 _aОриг. загл.: Twisted hate / Ana Huang Уо - търг. марка на Егмонт България За автора: с. 511 Кн. 3 от поредицата Порочни истории
700 _9481053
_aБанкова, Александра
_eпрев. от англ.
852 _aЦб 317669
_bЦб
856 _i0.00
_ldisable
942 _cKNG
_n0
_s1
_017
944 _aCR
_c2023-05-09
_k30542
_lРусанова Ирена